01042 a2200169 45000010006000000050017000060080041000230030015000640400040000790800084001192450055002032640028002583000019002865050512003051000024008177000031008415901620260407155845.0260407a1954 arg spa dAR-UNSa-BCEJYS aAR-UNSa-BCEJYSbspacAR-UNSa-BCEJYS a338.1xSituación económica. Ciclos. Desarrollo de la estructura económica10aUna aportación a la teoria del ciclo económico 1aMadrid :bAguilarc1954 a279 p.c18 cm. a1. Antecedentes – 2. El ahorro, la inversión y el multiplicador – 3. El multiplicador en una economía cambiante – 4. Inversión inducida – 5. El acelerador, en acción-I: La posibilidad de equilibrio – 6. El acelerador, en acción-II: Inestabilidad del equilibrio – 7. ¿Ciclos libres o limitados? – 8. El ciclo en esquema – 9. Periodicidad y regularidad – 10. Reconsideración de los problemas del “techo” – 11. El factor monetario – 12. La posición del factor monetario1 aHicks, John Richard1 aSempere Colomina, Gregorio